000 00327nam a2200133Ia 4500
008 240624s9999 xx 000 0 und d
041 _aeng
082 _a658 VIT
100 _aVITA EMMA DE
245 _aMANAGEMENT MASTERCLASS
260 _c2010
_aNew Delhi
_bHachette India
300 _a190 : p. : cm. ; 19
365 _cRS
_b20
999 _c16561
_d16561